Konsolidovaná účtovná závierka

Bibliographic Details
Main Author: Longauerová, Mária (Author)
Format: Article
Language:Slovak
PhysicalDescription:Tab.
ISSN:1335-0897
Subjects:

MARC

LEADER 00000nab a2200000 a 4500
001 vtls000758799
003 SK-MaSNL
005 20260302192454.0
008 180205c2001 xo 0 slo
015 |a SNBRB2001/06-19677 
035 |a CLN000110586 
040 |a SNKBUCL  |b slo  |c SNKBUCL  |e AACR2 
041 0 |a slo 
044 |a xo  |c SK 
080 |a 657.375.6  |2 UDC-MRF-SK2 
100 1 |a Longauerová, Mária  |4 aut  |9 909693 
245 1 0 |a Konsolidovaná účtovná závierka  |c Mária Longauerová 
300 |b Tab. 
650 0 7 |a konsolidovaná účtovná závierka  |2 snkbucl  |9 29215 
655 7 |a články z novín a časopisov  |2 snkbucl  |9 267496 
773 0 |x 1335-0897  |t Daňový a účtovný poradca podnikateľa  |g Č. 8 (2001), s. 89-126 
850 |a Slovenská národná knižnica v Martine 
852 |a SNK  |b KIS3GCP 
958 |a RBX 
999 |c 1440913  |d 1442843